00635 2200217 4500001002100000005001700021008004100038020002200079035002500101040001200126082001200138084002200150100001700172245009900189260002700288300003000315650002800345700001100373850001200384990002100396INLIS00000000002109520160623134706.0  a978-979-29-5819-5 a0010-061600000000506 aYOPDYOG a372.357 aDEP 372.357 Bro K aBROS, Warner aKetrampilan berpikir untuk TK-lawan kata-pola-perbandinganc/ Warner Bros ; penerjemah, Ariata aYogyakartabAndic2016 a75 hlm.b: ilus.c; 28 cm aPendidikan Dasar-Fisika aAriata aYOPDYOG aCB-D.11/2016-447